Statistics for Historical Countries by Ruler

Click here to take the quiz!

General Stats

  • This quiz has been taken 34,695 times
  • The average score is 14 of 20

Answer Stats

RulersCountry% Correct
Jimmu, Meiji, HirohitoJapan
96%
Ivan, Peter, CatherineRussia
96%
Clovis, Louis, CharlesFrance
95%
Genghis, Ögedei, KublaiMongol Empire
94%
Augustus, Caligula, SeverusRoman Empire
93%
Alfred, Æthelred, ElizabethEngland
84%
Ferdinand, Alfonso, Juan CarlosSpain
84%
Djoser, Ramesses, TutankhamunEgypt
83%
Osman, Mehmed, SuleimanOttoman Empire
73%
Franz Joseph, Maria Theresa, LeopoldAustria
72%
Moctezuma, Axayacatl, ItzcoatlAztec Empire
70%
Innocent, Urban, ClementPapal States
70%
Cyrus, Darius, XerxesAchaemenid Empire
(Persia)
69%
Kamehameha, Kalākaua, LiliʻuokalaniHawaii
61%
Duncan, Malcolm, JamesScotland
59%
Magnus, Gustavus Adolphus, OscarSweden
49%
Lech, Casimir, HedwigPoland
46%
Dido, Hasdrubal, HamilcarCarthage
38%
Lorenzo, Alessandro, CosimoFlorence
36%
Taksin, Bhumibol Adulyadej,
Si Inthrathit
Thailand
31%

Score Distribution

Percentile by Number Answered

Percent of People with Each Score

Your Score History

You have not taken this quiz